01473nam a2200349 a 450000100060000000300080000600500170001400800410003102000210007202000210009302000240011403500190013804000270015704100080018408200250019210000240021724501490024126000430039030000250043349000230045850400390048150503120052060000380083265000270087070000200089770000380091770000160095574000310097174000460100274000520104883000230110070698BD-RjUL20211209082030.0170419s1964 enk 001 0 eng d a0416268900 (v.2) a0415056268 (v.3) a9781862392496 (v.4) a(BD-RjUL)70912 aCUYcCUYbengdBD-RjUL aeng 223a551.41bCHH 19641 aChorley, Richard J.14aThe history of the study of landforms :bor, The development of geomorphology /cby Richard J. Chorley, Antony J. Dunn and Robert P. Beckinsale. aLondon :bMethuen :bRoutledge,c1964- av. :bill. ;c25 cm. aRoutledge revivals aIncludes bibliographies and index.0 av. 1. Geomorphology before Davis -- v. 2. The life and work of William Morris Davis -- v. 3. Historical and regional geomorphology 1890-1950 / Robert P. Beckinsale and Richard J. Chorley -- v. 4. Quaternary and recent processes and forms (1890-1965) and the mid-century revolutions / T. P. Burt ... [et al.]10aDavis, William Morris,d1850-1934 0aGeomorphologyxHistory1 aDunn, Antony J.1 aBeckinsale, R. P.q(Robert Percy)1 aBurt, T. P.0 aGeomorphology before Davis4 aThe life and work of William Morris Davis0 aHistorical and regional geomorphology 1890-1950 aRoutledge revivals